Estadística con aplicaciones a las ciencias sociales y a la educación
Shranjeno v:
| Glavni avtor: | |
|---|---|
| Format: | Knjiga |
| Jezik: | španščina |
| Izdano: |
Bogotá
McGraw-Hill Latinoamericana
1981
|
| Teme: | |
| Oznake: |
Označite
Brez oznak, prvi označite!
|
MARC
| LEADER | 00000nam a2200000 a 4500 | ||
|---|---|---|---|
| 001 | UCW2748 | ||
| 003 | CL-VaPUC | ||
| 008 | 890703e19810000CK |||||||||||||||||spa|d | ||
| 082 | 0 | 4 | |a 519.5 |b DAN |2 21 |
| 100 | 0 | |a Daniel, Wayne W |e author |9 307022 | |
| 245 | 1 | 0 | |a Estadística con aplicaciones a las ciencias sociales y a la educación |
| 300 | |a 504 p | ||
| 942 | |c BK | ||
| 945 | |d 19890703 00:00:00 | ||
| 260 | |a Bogotá |b McGraw-Hill Latinoamericana |c 1981 | ||
| 650 | 7 | |a ESTADISTICA EDUCATIVA |2 CL-VaPUC |9 307023 | |
| 583 | |a last modification |c 19890703 00:00:00 |k Rodrigo Vera | ||
| 999 | |c 217206 |d 217204 | ||
| 952 | |0 0 |1 0 |4 0 |6 519_500000000000000_DAN_1981 |7 0 |8 R |9 204160 |a BIBGIM |b BIBGIM |d 2019-11-15 |i 2713780 |o 519.5 DAN 1981 |p 2713780 |r 2025-01-15 |w 2019-11-15 |y BK_R |k COM | ||
| 952 | |0 0 |1 0 |4 0 |6 519_500000000000000_DAN_1981 |7 0 |8 A |9 204161 |a BIBEDU |b BIBEDU |d 2019-11-15 |i 2713802 |o 519.5 DAN 1981 |p 2713802 |r 2019-11-15 |w 2019-11-15 |y BK |k EDU | ||
| 952 | |0 0 |1 0 |4 0 |6 519_500000000000000_DAN_1981 |7 0 |8 R |9 204162 |a BIBENE |b BIBENE |d 2019-11-15 |i 327554K |o 519.5 DAN 1981 |p 327554K |r 2025-01-15 |w 2019-11-15 |y BK_R |k ICO | ||
| 952 | |0 0 |1 0 |4 0 |6 519_500000000000000_DAN_1981 |7 0 |8 A |9 204163 |a BIBMAT |b BIBMAT |d 2019-11-15 |i 3356698 |o 519.5 DAN 1981 |p 3356698 |r 2025-01-07 |w 2019-11-15 |y BK |k MAT | ||
| 952 | |0 0 |1 0 |4 0 |6 519_500000000000000_DAN_1981 |7 0 |8 A |9 204167 |a BIBCUR |b BIBCUR |d 2019-11-15 |i 2713799 |o 519.5 DAN 1981 |p 2713799 |r 2025-04-22 |w 2019-11-15 |y BK |k BCB | ||